Obscure Knowledge - Twelve Apostles Quiz Stats

 Plays Quiz Updated Dec 23, 2019

Support Sporcle.
Go Orange.
Score 0/12 Timer 02:00
1 Play Today
Percent Guessed Apostle % Correct
93.9%???
100%
90.9%???
93.6%
84.7%???
87%
82.2%???
77.4%
64.8%???
70.3%
64.8%???
70.3%
58.7%???
65.2%
53.3%???
55.5%
45.0%???
47%
36.0%???
40.3%
32.4%???
23.9%
29.0%???
12.7%

From the Vault

Great Mustaches of Gaming

by bazmerelda

Gaming 30s
To be a great video character you've gotta have a solid cookie duster.
Remove Ads.
Support Sporcle.
Get the best of Sporcle when you Go Orange. This ad-free experience offers more features, more stats, and more fun while also helping to support Sporcle. Thank you for becoming a member.

Show Comments

Extras

Top Quizzes Today


Score Distribution

Your Account Isn't Verified!

In order to create a playlist on Sporcle, you need to verify the email address you used during registration. Go to your Sporcle Settings to finish the process.

Report this User

Report this user for behavior that violates our Community Guidelines.

Details: